|
|
|
|
| LEADER |
00000nam0a2200000 4500 |
| 001 |
188070 |
| 005 |
20231101224118.0 |
| 010 |
|
|
|a 9785942755249
|
| 035 |
|
|
|a (RuTPU)RU\TPU\book\204188
|
| 090 |
|
|
|a 188070
|
| 100 |
|
|
|a 20101201d2010 km y0rusy50 ca
|
| 101 |
0 |
|
|a rus
|
| 102 |
|
|
|a RU
|
| 105 |
|
|
|a a g 001zy
|
| 200 |
1 |
|
|a Справочник фрезеровщика
|f Л. Н. Бердников [и др.]
|g под ред. В. Ф. Безъязычного
|
| 210 |
|
|
|a Москва
|c Машиностроение
|d 2010
|
| 215 |
|
|
|a 272 с.
|c ил.
|
| 320 |
|
|
|a Библиогр.: с. 249.
|
| 330 |
|
|
|a Изложены основные сведения о процессе фрезерования, фрезерных станках, режущих инструментах (фрезах), приспособлениях для фрезерных станков, особенностях фрезерования различных обрабатываемых поверхностей, а также контроле, организации рабочего места фрезеровщика и охране труда. В приложении приведены технические условия и размеры на фрезы по стандартам, действующим с 1 января 2010 г. Рекомендуется для фрезеровщиков, может быть полезен для полготовки рабочих на производстве, а также для учащихся учреждений среднего профессионального образования.
|
| 606 |
1 |
|
|a Фрезерное дело
|2 stltpush
|3 (RuTPU)RU\TPU\subj\16849
|9 42747
|
| 610 |
1 |
|
|a фрезерование
|
| 610 |
1 |
|
|a механическая обработка
|
| 610 |
1 |
|
|a технологические проекты
|
| 610 |
1 |
|
|a фрезерные станки
|
| 610 |
1 |
|
|a приспособления
|
| 610 |
1 |
|
|a заготовки
|
| 610 |
1 |
|
|a отрезка
|
| 610 |
1 |
|
|a фасонные поверхности
|
| 610 |
1 |
|
|a уступы
|
| 610 |
1 |
|
|a пазы
|
| 610 |
1 |
|
|a плоскости
|
| 610 |
1 |
|
|a обработка
|
| 610 |
1 |
|
|a фрезерные работы
|
| 610 |
1 |
|
|a делительные головки
|
| 610 |
1 |
|
|a применение
|
| 610 |
1 |
|
|a средства контроля
|
| 610 |
1 |
|
|a рабочее место
|
| 610 |
1 |
|
|a охрана труда
|
| 610 |
1 |
|
|a справочники
|
| 675 |
|
|
|a 621.914(035)
|v 3
|
| 701 |
|
1 |
|a Бердников
|b Л. Н.
|
| 701 |
|
1 |
|a Безъязычный
|b В. Ф.
|
| 701 |
|
1 |
|a Крылов
|b В. Н.
|
| 701 |
|
1 |
|a Большаков
|b Е. М.
|
| 701 |
|
1 |
|a Мотренко
|b П. Д.
|
| 702 |
|
1 |
|a Безъязычный
|b В. Ф.
|4 340
|
| 801 |
|
1 |
|a RU
|b 63413507
|c 20101201
|
| 801 |
|
2 |
|a RU
|b 63413507
|c 20150707
|g RCR
|
| 942 |
|
|
|c BK
|